Hlavné rysy rozvoja medzinárodnej železničnej dopravy v Európe

Podrobná bibliografia
Hlavný autor: Fečková, Mária (Autor)
Médium: Článok
Jazyk:slovenčina
Fyzický popis:Res. angl. na kuléri., lit. 2 zázn. v slov., češ.
Predmet:

MARC

LEADER 00000nab a2200000 a 4500
001 vtls000454211
003 SK-MaSNL
005 20260304195444.0
008 230120c1991 xo 0 slo
015 |a SNBRB19rr/mm-uuuuu 
035 |a CL0454342 
035 |a urn:nbn:sk:snk-ab31he 
035 |a (urnnbn)urn:nbn:sk:snk:ar-a04m76 
035 |a (uuid)5940a291-e19a-4713-9d4a-620d437eee6b 
040 |a SNKBUCL  |b slo  |c SNKBUCL  |e AACR2 
041 0 |a slo 
044 |a xo  |c SK 
080 |a 656.2(4)  |2 1981 
100 1 |a Fečková, Mária  |4 aut  |9 685020 
245 1 0 |a Hlavné rysy rozvoja medzinárodnej železničnej dopravy v Európe  |c Mária Fečková 
300 |b Res. angl. na kuléri., lit. 2 zázn. v slov., češ. 
650 0 7 |a železničná doprava  |2 snkbucl  |9 3185 
650 0 7 |a siete železničné  |2 snkbucl  |9 955725 
655 7 |a články z novín a časopisov  |2 snkbucl  |9 267496 
773 0 |t Horizonty dopravy  |g Č. 3 (1991), s. 27-32 
850 |a Slovenská národná knižnica v Martine  |a MTA001 
852 |a SNK  |b KIS3GCP 
954 |a odborná, vedecká literatúra pôvodná (slovenská)  |2 lita 
958 |a OND 
958 |a RK 
958 |a EUIPO 
958 |a article27 
992 |a RBX 
999 |c 3081598  |d 3083528